[Event "PRO League Group Stage"]
[Site "chess.com INT"]
[Date "2020.02.03"]
[Round "5"]
[White "Jones, Gawain C B"]
[Black "Quesada Perez, Yuniesky"]
[Result "1/2-1/2"]
[WhiteTitle "GM"]
[BlackTitle "GM"]
[WhiteElo "2679"]
[BlackElo "2601"]
[WhiteTeam "U.K. Lions"]
[BlackTeam "Chicago Wind"]
[WhiteFideId "409561"]
[BlackFideId "3504409"]
[EventDate "2020.01.06"]

1. e4 e5 2. Nf3 Nc6 3. d4 exd4 4. Nxd4 Bc5 5. Nxc6 bxc6 6. Bd3 d6 7. Nc3 Ne7 8.
Na4 Bd4 9. Bg5 h6 10. Bh4 g5 11. Bg3 Ng6 12. e5 dxe5 13. Bxg6 fxg6 14. c3 Bb6
15. Qxd8+ Kxd8 16. O-O-O+ Bd7 17. Bxe5 Re8 18. Bg7 Bxf2 19. Bd4 Bxd4 20. Rxd4
Re5 21. Rhd1 Rd5 22. c4 Rxd4 23. Rxd4 Ke7 24. Nc5 Be8 25. Kd2 Rd8 26. Rxd8 Kxd8
27. Kc3 Ke7 28. Kd4 Kf6 29. Na6 Kf5 30. Nxc7 Bd7 31. b4 Kf4 32. a4 g4 33. a5 g3
34. hxg3+ Kxg3 35. b5 cxb5 36. cxb5 Kxg2 37. Kc5 h5 38. a6 Bc8 39. Kc6 Bxa6 40.
bxa6 h4 41. Ne6 h3 42. Nf4+ Kg3 43. Nxh3 Kxh3 44. Kb7 g5 45. Kxa7 g4 46. Kb8 g3
47. a7 g2 48. a8=Q g1=Q 49. Qf3+ Qg3+ 50. Qxg3+ Kxg3 1/2-1/2

[Event "PRO League Group Stage"]
[Site "chess.com INT"]
[Date "2020.02.03"]
[Round "5"]
[White "Tabatabaei, M.amin"]
[Black "Tang, Andrew"]
[Result "1/2-1/2"]
[WhiteTitle "GM"]
[BlackTitle "GM"]
[WhiteElo "2638"]
[BlackElo "2521"]
[WhiteTeam "U.K. Lions"]
[BlackTeam "Chicago Wind"]
[WhiteFideId "12521213"]
[BlackFideId "2059630"]
[EventDate "2020.01.06"]

1. d4 d5 2. Nf3 Nf6 3. Bf4 e6 4. e3 Bd6 5. Nbd2 c5 6. dxc5 Bxc5 7. Bd3 O-O 8. c4
Nc6 9. a3 dxc4 10. Nxc4 b5 11. Nd6 e5 12. Nxe5 Qxd6 13. Ng4 Bb4+ 14. Kf1 Bxg4
15. Bxd6 Bxd1 16. Bxf8 Bxf8 17. Rxd1 Ne5 18. Ke2 Nxd3 19. Rxd3 Rc8 20. f3 g6 21.
Rhd1 Be7 22. Kd2 Kf8 23. Rc1 Rxc1 24. Kxc1 Ke8 25. Kc2 Nd7 26. Rc3 Kd8 27. b4
Nb6 28. Kb3 Kd7 29. e4 Nc4 30. Rd3+ Ke6 31. a4 a6 32. axb5 axb5 33. Rd5 Nd6 34.
Rc5 f6 35. Rc7 g5 36. Kc3 h5 37. Kd4 Ne8 38. Rb7 Bxb4 39. Rxb5 Bd6 40. g3 Be5+
41. Ke3 Nd6 42. Rb6 Kf7 43. Ra6 Nc4+ 44. Kd3 Nb2+ 45. Ke3 Nc4+ 46. Kd3 Nb2+ 47.
Ke3 Nc4+ 1/2-1/2

[Event "PRO League Group Stage"]
[Site "chess.com INT"]
[Date "2020.02.03"]
[Round "5"]
[White "Abdusattorov, Nodirbek"]
[Black "Fier, Alexandr"]
[Result "1/2-1/2"]
[WhiteTitle "GM"]
[BlackTitle "GM"]
[WhiteElo "2635"]
[BlackElo "2528"]
[WhiteTeam "California Unicorns"]
[BlackTeam "Brazil Capybaras"]
[WhiteFideId "14204118"]
[BlackFideId "2107139"]
[EventDate "2020.01.06"]

1. e4 Nf6 2. e5 Nd5 3. d4 d6 4. Nf3 g6 5. Bc4 Nb6 6. Bb3 Bg7 7. O-O O-O 8. Nc3
Bg4 9. h3 Bxf3 10. Qxf3 Nc6 11. Rd1 Na5 12. Bg5 Nxb3 13. axb3 d5 14. Qe3 Qd7 15.
Re1 a6 16. Ne2 Rae8 17. Nc1 Qe6 18. Nd3 Qf5 19. g4 Qc8 20. Bh6 f5 21. Bxg7 Kxg7
22. e6 c6 23. Qe5+ Kg8 24. Re3 Qb8 25. Qxb8 Rxb8 26. f4 Ra8 27. Kg2 Nc8 28. Kf3
Nd6 29. Nc5 Ne4 30. Nd7 Rfd8 31. gxf5 Rxd7 32. exd7 gxf5 33. Re2 Kf7 34. Rg1 Rd8
35. Reg2 Nf6 36. Rg7+ Kf8 37. R7g5 e6 38. Rg7 Rxd7 39. Rxd7 Nxd7 40. c4 Nf6 41.
Ke3 Kf7 42. Kd3 Nh5 43. Rf1 Ng3 44. Rf2 Ne4 45. Rg2 Kf8 46. Kc2 Kf7 47. Kb1 Nd6
48. cxd5 exd5 49. Kc2 Ne4 50. b4 Kf8 51. Kb3 Kf7 52. Ka4 Nd6 53. b3 Nb5 54. Ka5
Nxd4 55. Kb6 Nxb3 56. Kxb7 c5 57. Rg3 c4 58. Rc3 a5 59. b5 a4 60. b6 a3 61. Rc2
d4 62. Kc8 d3 63. Rxc4 a2 64. Rc7+ Kg6 65. b7 a1=Q 66. b8=Q Qh8+ 67. Kb7 Qxb8+
68. Kxb8 Nd4 69. Rd7 Ne2 70. Rxd3 Nxf4 71. Rf3 Nd5 72. Kb7 Kg5 73. Kc6 Nf4 74.
Kd6 h5 75. Ke5 Ng6+ 76. Kd4 h4 77. Ke3 Ne5 78. Rf1 Nc4+ 79. Kd4 Nd2 80. Rd1 Nf3+
81. Ke3 Ne5 82. Rd5 Ng6 83. Rd4 Ne5 84. Ra4 Ng6 85. Ra8 Ne5 86. Rg8+ Ng6 87. Kf3
Kf6 88. Ra8 Kg5 89. Ra5 Kf6 90. Ra1 Ne5+ 91. Ke3 Ng6 92. Rf1 Kg5 93. Kd4 Nf4 94.
Rf3 Ng6 95. Kd5 Kf6 96. Re3 Nf4+ 97. Kd6 Ng6 98. Ra3 Kg5 99. Kd5 Nf4+ 100. Ke5
Ng6+ 101. Kd4 Kf6 102. Ke3 Kg5 103. Ra4 Ne5 104. Rd4 Ng6 105. Rd8 Ne5 106. Re8
Ng6 107. Kf3 Kf6 108. Re3 Kg5 109. Re2 Nf4 110. Rh2 Ng6 111. Rg2+ Kf6 112. Ke3
Ne5 113. Rg8 Ng6 114. Kf3 Kg5 115. Rg7 Kf6 116. Rh7 Kg5 117. Ke3 Nf4 118. Rg7+
Kf6 119. Rg1 Ng6 120. Rf1 Kg5 121. Kf2 Nf4 122. Rg1+ Kf6 123. Ke3 Ng6 124. Rg2
Ne5 125. Rf2 Ng6 126. Kd4 Kg5 1/2-1/2

[Event "PRO League Group Stage"]
[Site "chess.com INT"]
[Date "2020.02.03"]
[Round "5"]
[White "Naroditsky, Daniel"]
[Black "Santiago, Yago De Moura"]
[Result "1-0"]
[WhiteTitle "GM"]
[BlackTitle "GM"]
[WhiteElo "2621"]
[BlackElo "2486"]
[WhiteTeam "California Unicorns"]
[BlackTeam "Brazil Capybaras"]
[WhiteFideId "2026961"]
[BlackFideId "2103877"]
[EventDate "2020.01.06"]

1. d4 e6 2. Bf4 Nf6 3. e3 d5 4. Nf3 g6 5. c4 Bg7 6. Nc3 O-O 7. Be2 b6 8. cxd5
exd5 9. O-O Bb7 10. Rc1 c6 11. b4 Nbd7 12. Ne5 Re8 13. b5 Nxe5 14. dxe5 Nd7 15.
bxc6 Bxc6 16. Nxd5 Nxe5 17. e4 Bxd5 18. exd5 Qf6 19. Bg3 Rad8 20. Qb3 h5 21. h3
Re7 22. Rcd1 Nd7 23. Bf3 Nc5 24. Qc4 Red7 25. d6 Bf8 26. Bc6 Rxd6 27. Bxd6 Bxd6
28. Rfe1 Ne6 29. Bf3 Nf4 30. Qc6 Kg7 31. Kh1 Kg8 32. Rd2 Nxh3 33. gxh3 Qf4 34.
Rxd6 Rxd6 35. Qe4 Qf6 36. Bg2 Kh7 37. Qe5 Qd8 38. Qe7 Qxe7 39. Rxe7 Rf6 40. Kg1
a5 41. a4 Kg7 42. Bd5 Rf4 43. Bc6 Rc4 44. Bb5 Rf4 45. Bc6 Rc4 46. Rxf7+ Kh6 47.
Bb5 Rc3 48. Kg2 Kg5 49. Rb7 Kh4 50. Rxb6 g5 51. Bd7 Rd3 52. Be8 Rd8 53. Bf7 Rd4
54. Rh6 1-0

[Event "PRO League Group Stage"]
[Site "chess.com INT"]
[Date "2020.02.03"]
[Round "5"]
[White "Mekhitarian, Krikor Sevag"]
[Black "Smirnov, Anton"]
[Result "1-0"]
[WhiteTitle "GM"]
[BlackTitle "GM"]
[WhiteElo "2563"]
[BlackElo "2604"]
[WhiteTeam "Brazil Capybaras"]
[BlackTeam "California Unicorns"]
[WhiteFideId "2107660"]
[BlackFideId "3208923"]
[EventDate "2020.01.06"]

1. Nf3 d5 2. c4 c6 3. d4 Nf6 4. e3 Bg4 5. h3 Bh5 6. Nc3 e6 7. Qb3 Qb6 8. Nh4 Be7
9. g4 Bg6 10. Nxg6 hxg6 11. Bg2 g5 12. Bd2 Nbd7 13. O-O-O a5 14. cxd5 exd5 15.
Qc2 g6 16. Kb1 Nf8 17. e4 Nxe4 18. Nxe4 dxe4 19. Bxe4 Ne6 20. Bxg6 Nxd4 21. Qe4
c5 22. Bh5 Kf8 23. Rhe1 Bf6 24. Bc3 Kg7 25. f4 Qc6 26. fxg5 Bxg5 27. Qxc6 bxc6
28. Re5 Bf6 29. Rxc5 Nb5 30. Rg5+ 1-0

[Event "PRO League Group Stage"]
[Site "chess.com INT"]
[Date "2020.02.03"]
[Round "5"]
[White "Do Valle Cardoso, Lucas"]
[Black "Zierk, Steven"]
[Result "0-1"]
[BlackTitle "GM"]
[WhiteElo "2228"]
[BlackElo "2509"]
[WhiteTeam "Brazil Capybaras"]
[BlackTeam "California Unicorns"]
[WhiteFideId "2163144"]
[BlackFideId "2034255"]
[EventDate "2020.01.06"]

1. e4 e6 2. d4 d5 3. Nc3 Bb4 4. e5 c5 5. a3 Bxc3+ 6. bxc3 Qa5 7. Bd2 Qa4 8. dxc5
Nd7 9. c4 Ne7 10. cxd5 Nxd5 11. c4 Qxd1+ 12. Rxd1 Ne7 13. f4 Nxc5 14. Be3 b6 15.
Be2 O-O 16. Bf3 Rb8 17. Ne2 Ba6 18. Kf2 Bxc4 19. Bxc5 bxc5 20. Rd7 Nd5 21. g3 a6
22. Rc1 Bb5 23. Rd6 Nb6 24. Rxc5 Nc4 25. Rd4 Nxa3 26. Rc3 Bxe2 27. Rxa3 Bb5 28.
Be2 Rb7 29. Rb3 Rfb8 30. Bxb5 Rxb5 31. Rbd3 Rb2+ 32. Kf3 h5 33. Rd8+ Rxd8 34.
Rxd8+ Kh7 35. Ra8 Ra2 36. h3 Kg6 37. g4 h4 38. Ra7 Ra3+ 39. Ke4 Ra4+ 40. Kf3 f6
41. Re7 Ra3+ 42. Ke4 Rxh3 43. Rxe6 Rh1 44. Rxa6 h3 45. Kf3 Rg1 46. exf6 h2 47.
fxg7+ Kxg7 48. Ra7+ Kf8 49. Rh7 h1=Q+ 0-1

[Event "PRO League Group Stage"]
[Site "chess.com INT"]
[Date "2020.02.03"]
[Round "5"]
[White "Pichot, Alan"]
[Black "Fedoseev, Vladimir3"]
[Result "0-1"]
[WhiteTitle "GM"]
[BlackTitle "GM"]
[WhiteElo "2606"]
[BlackElo "2671"]
[WhiteTeam "Argentina Krakens"]
[BlackTeam "New York Marshalls"]
[WhiteFideId "110973"]
[BlackFideId "24130737"]
[EventDate "2020.01.06"]

1. e4 c5 2. Nf3 d6 3. d4 cxd4 4. Nxd4 Nf6 5. Nc3 a6 6. Bd3 g6 7. f3 Qb6 8. a3
Nbd7 9. Bc4 Nc5 10. Rb1 Bg7 11. Be3 Qc7 12. Ba2 b5 13. Qd2 Bb7 14. Bh6 O-O 15.
h4 Bxh6 16. Qxh6 d5 17. exd5 Rad8 18. Qg5 h6 19. Qxh6 Nxd5 20. Nde2 Ne6 21. O-O
Nxc3 22. Nxc3 Nf4 23. g3 Qb6+ 24. Kh1 Nh5 25. Kh2 Qd6 26. Qg5 Qd2+ 27. Qxd2
Rxd2+ 28. Kh3 e5 29. Rg1 Bxf3 30. Rbf1 Bb7 31. Bb3 Kg7 32. g4 Nf4+ 33. Kg3 Rfd8
34. Re1 R8d3+ 35. cxd3 Rxd3+ 36. Kf2 Rf3# 0-1

[Event "PRO League Group Stage"]
[Site "chess.com INT"]
[Date "2020.02.03"]
[Round "5"]
[White "Flores, Diego"]
[Black "Moranda, Wojciech"]
[Result "0-1"]
[WhiteTitle "GM"]
[BlackTitle "GM"]
[WhiteElo "2599"]
[BlackElo "2601"]
[WhiteTeam "Argentina Krakens"]
[BlackTeam "New York Marshalls"]
[WhiteFideId "108049"]
[BlackFideId "1122401"]
[EventDate "2020.01.06"]

1. c4 Nf6 2. Nc3 e6 3. d4 Bb4 4. e3 O-O 5. a3 Bxc3+ 6. bxc3 c5 7. Bd3 Nc6 8. Ne2
b6 9. e4 Ne8 10. O-O Ba6 11. Ng3 Na5 12. f4 cxd4 13. cxd4 Bxc4 14. f5 f6 15. a4
Rc8 16. Ba3 Rf7 17. Rc1 a6 18. Bb4 b5 19. Qg4 Nb3 20. Bxc4 bxc4 21. Rcd1 e5 22.
dxe5 Qb6+ 23. Kh1 Qxb4 24. e6 dxe6 25. fxe6 Rfc7 26. Rd7 Qf8 27. Nh5 Nc5 28. Rf7
Rxf7 29. exf7+ Qxf7 30. Qxc8 Qxh5 31. Rc1 Qe5 32. h3 Nxe4 33. Qxc4+ Kf8 34. Qb4+
N8d6 35. Rc7 Qa1+ 36. Kh2 Qe5+ 37. Kh1 Ng3+ 38. Kh2 Nf5+ 39. Kh1 Ne7 40. Rd7 Ne4
41. Qb3 g5 42. Rd8+ Kg7 43. Rd7 Kg6 44. g4 h5 45. Qf3 hxg4 46. hxg4 Nc6 47. Qb3
Ne7 48. Qd3 Kf7 49. Qb3+ Kf8 50. Rd8+ Kg7 51. Rd7 Nc5 0-1

[Event "PRO League Group Stage"]
[Site "chess.com INT"]
[Date "2020.02.03"]
[Round "5"]
[White "Iturrizaga Bonelli, Eduardo"]
[Black "Obregon, Andres Carlos"]
[Result "1-0"]
[WhiteTitle "GM"]
[BlackTitle "GM"]
[WhiteElo "2597"]
[BlackElo "2525"]
[WhiteTeam "New York Marshalls"]
[BlackTeam "Argentina Krakens"]
[WhiteFideId "3901211"]
[BlackFideId "111724"]
[EventDate "2020.01.06"]

1. c4 e5 2. g3 Nf6 3. Bg2 Bc5 4. Nf3 d6 5. e3 O-O 6. O-O c6 7. d4 exd4 8. exd4
Bb6 9. Nc3 Re8 10. h3 Nbd7 11. Kh2 Nf8 12. d5 c5 13. Qd3 Ba5 14. Bd2 Ng6 15.
Rae1 Bd7 16. b3 h6 17. Rxe8+ Qxe8 18. Re1 Qd8 19. Qc2 a6 20. Bf1 b5 21. Bd3 Nf8
22. Nh4 bxc4 23. bxc4 Rb8 24. Nf5 Bxf5 25. Bxf5 N8d7 26. f4 Nb6 27. Bd3 Bb4 28.
Re2 Qd7 29. Bc1 Re8 30. Nd1 Rxe2+ 31. Qxe2 Na4 32. Qc2 Qe8 33. Ne3 g6 34. Nd1
Be1 35. Kg2 Nh5 36. g4 Nf6 37. Kf3 Bh4 38. Qe2 Qb8 39. Bc2 Nb6 40. Bb2 Nbd7 41.
Bd3 Qb4 42. Bc3 Qa3 43. Qb2 Qxb2 44. Bxb2 Ne8 45. Nf2 Bf6 46. Bc1 Bd4 47. Ne4
Ndf6 48. Ng3 Kg7 49. Ne2 Ba1 50. Bd2 Nd7 51. h4 Ndf6 52. g5 hxg5 53. hxg5 Nd7
54. Nc3 Kf8 55. Ne4 Ke7 56. Bc2 Nb6 57. Bb3 Ng7 58. Ba5 Nd7 59. Ba4 f5 60. Nf2
Nh5 61. Nd3 Bd4 62. Bc6 Nb8 63. Ba4 Ng7 64. Bc7 Nd7 65. Bc6 Ne8 66. Ba5 Nb8 67.
Bxe8 Kxe8 68. Bc7 Nd7 69. Bxd6 Kd8 70. Ne5 Nb6 71. Nxg6 Nxc4 72. Be5 Nd2+ 73.
Ke2 Ne4 74. Bxd4 cxd4 75. Kd3 Kd7 76. Kxd4 Kd6 77. Ne5 Ng3 78. Nc4+ Kd7 79. Ke5 1-0

[Event "PRO League Group Stage"]
[Site "chess.com INT"]
[Date "2020.02.03"]
[Round "5"]
[White "Azarov, Sergei"]
[Black "Perez Ponsa, Federico"]
[Result "1-0"]
[WhiteTitle "GM"]
[BlackTitle "GM"]
[WhiteElo "2597"]
[BlackElo "2559"]
[WhiteTeam "New York Marshalls"]
[BlackTeam "Argentina Krakens"]
[WhiteFideId "13501470"]
[BlackFideId "117927"]
[EventDate "2020.01.06"]

1. e4 e5 2. Nf3 Nc6 3. Bb5 Nf6 4. O-O Nxe4 5. Re1 Nd6 6. Nxe5 Be7 7. Bf1 Nxe5 8.
Rxe5 O-O 9. d4 Bf6 10. Re1 Re8 11. c3 Rxe1 12. Qxe1 Nf5 13. d5 d6 14. Nd2 Bd7
15. Ne4 Be7 16. Qd1 Bf8 17. Bg5 Qe8 18. Qd3 h6 19. Bf4 Qe7 20. Re1 Re8 21. Bd2
Qd8 22. g3 c6 23. c4 cxd5 24. cxd5 a6 25. Bc3 Bb5 26. Qf3 Bxf1 27. Kxf1 Ne7 28.
Qh5 Qd7 29. Kg2 Ng6 30. Qe2 Rc8 31. h4 Qf5 32. Qf3 Qxf3+ 33. Kxf3 h5 34. a4 f6
35. Ke2 Ne5 36. f4 Ng4 37. Kd3 Nh6 38. Ke2 Rc4 39. Kd3 Rxa4 40. Nd2 Kf7 41. Nc4
Rxc4 42. Kxc4 Nf5 43. Rg1 Be7 44. Kd3 Bd8 45. Ke4 g6 46. Kf3 Bb6 47. Re1 Bd8 48.
Re4 Ng7 49. Rc4 Ne8 50. Rc8 Bc7 51. Bxf6 Bb6 52. Bd8 Bd4 53. Rb8 b5 54. Rb7+ Kf8
55. b3 Bc5 56. Bg5 b4 57. f5 gxf5 58. Kf4 Bf2 59. Kxf5 Bxg3 60. Kg6 Be5 61. Be7+
Kg8 62. Rb8 1-0

[Event "PRO League Group Stage"]
[Site "chess.com INT"]
[Date "2020.02.03"]
[Round "5"]
[White "Tabatabaei, M.amin"]
[Black "Nyzhnyk, Illya"]
[Result "1/2-1/2"]
[WhiteTitle "GM"]
[BlackTitle "GM"]
[WhiteElo "2638"]
[BlackElo "2662"]
[WhiteTeam "U.K. Lions"]
[BlackTeam "Chicago Wind"]
[WhiteFideId "12521213"]
[BlackFideId "14118084"]
[EventDate "2020.01.06"]

1. d4 d5 2. Nf3 Nf6 3. Bf4 e6 4. e3 c5 5. Nbd2 Nc6 6. c3 Be7 7. h3 Bd6 8. Bxd6
Qxd6 9. Bd3 O-O 10. O-O e5 11. dxc5 Qxc5 12. e4 Be6 13. Ng5 h6 14. Nxe6 fxe6 15.
Qe2 Rad8 16. Rad1 Qb6 17. b4 Qc7 18. a3 a5 19. Rc1 axb4 20. axb4 Qd6 21. Rfd1 d4
22. Nc4 Qb8 23. b5 Ne7 24. cxd4 Rxd4 25. Nd2 Rd6 26. Nf3 Ng6 27. Bc4 Rfd8 28. g3
Rxd1+ 29. Rxd1 Rxd1+ 30. Qxd1 Qc8 31. Qd3 Kf7 32. Kg2 Qc5 33. Nd2 Ne7 34. Qc3 b6
35. Qb3 Qd6 36. Bd3 Nd7 37. Qc3 Nc5 38. Nc4 Qc7 39. Qxe5 Qxe5 40. Nxe5+ Kf6 41.
f4 Nc8 42. Kf3 Nd6 43. Ke3 g5 44. h4 gxf4+ 45. gxf4 h5 46. Nc4 Ncxe4 47. Nxb6
Nc3 48. Nd7+ Ke7 49. Ne5 Ncxb5 50. Be2 Nf5+ 51. Kf2 Nbd4 52. Bxh5 Nxh4 53. Ke3
Ndf5+ 54. Kf2 Kf6 55. Ng4+ Kg7 56. Ne3 Nxe3 57. Kxe3 Kf6 58. Bg4 e5 59. Ke4 exf4
60. Kxf4 1/2-1/2

[Event "PRO League Group Stage"]
[Site "chess.com INT"]
[Date "2020.02.03"]
[Round "5"]
[White "Jones, Gawain C B"]
[Black "Cori, Jorge"]
[Result "1-0"]
[WhiteTitle "GM"]
[BlackTitle "GM"]
[WhiteElo "2679"]
[BlackElo "2652"]
[WhiteTeam "U.K. Lions"]
[BlackTeam "Chicago Wind"]
[WhiteFideId "409561"]
[BlackFideId "3802272"]
[EventDate "2020.01.06"]

1. e4 c5 2. Nf3 e6 3. g3 Nc6 4. Bg2 Qc7 5. O-O Nf6 6. d4 cxd4 7. Nxd4 a6 8. Nc3
d6 9. Nxc6 bxc6 10. Na4 Be7 11. c4 O-O 12. b3 Bb7 13. c5 d5 14. exd5 cxd5 15.
Bb2 Rad8 16. Re1 Bc6 17. Qd4 Rfe8 18. Nb6 Bf8 19. b4 Ne4 20. Qe5 Qb7 21. Qf4
Nxc5 22. bxc5 Bxc5 23. Rab1 e5 24. Rxe5 Bxb6 25. Rg5 f6 26. Qxf6 Rd7 27. Bh3 Rf7
28. Rxg7+ Rxg7 29. Qxg7+ Qxg7 30. Bxg7 Bb5 31. Bh6 Re2 32. Kh1 Kf7 33. a4 1-0

[Event "PRO League Group Stage"]
[Site "chess.com INT"]
[Date "2020.02.03"]
[Round "5"]
[White "Quesada Perez, Yuniesky"]
[Black "Berchtenbreiter, Maximilian"]
[Result "1-0"]
[WhiteTitle "GM"]
[BlackTitle "IM"]
[WhiteElo "2601"]
[BlackElo "2488"]
[WhiteTeam "Chicago Wind"]
[BlackTeam "U.K. Lions"]
[WhiteFideId "3504409"]
[BlackFideId "24641120"]
[EventDate "2020.01.06"]

1. e4 g6 2. d4 c6 3. Nc3 d5 4. h3 dxe4 5. Nxe4 Nf6 6. Nxf6+ exf6 7. Bc4 Bg7 8.
Ne2 O-O 9. Be3 a5 10. a4 Na6 11. O-O Nb4 12. Nf4 Bf5 13. Rc1 Be4 14. c3 Nd5 15.
Nxd5 Bxd5 16. Qb3 Bxc4 17. Qxc4 Qd7 18. Rfe1 Rfe8 19. Bf4 Re6 20. Re3 Rae8 21.
Rce1 Bf8 22. Qb3 g5 23. Bg3 f5 24. Rxe6 Rxe6 25. Rxe6 fxe6 26. Be5 b5 27. c4
bxc4 28. Qxc4 Bd6 29. Bxd6 Qxd6 30. Qc3 Qd5 31. b4 Qa2 32. bxa5 Qxa4 33. Qc5 Kf7
34. Qb6 Qd1+ 35. Kh2 Qd2 36. Qc7+ Kg6 37. Qxc6 Qxf2 38. Qxe6+ Kg7 39. Qe5+ Kg6
40. a6 Qa2 41. Qe8+ Kh6 42. Qf8+ Kg6 43. Qd6+ Kh5 44. d5 f4 45. Qe6 Qf2 46. d6
Qg3+ 47. Kh1 Qf2 48. d7 Qd2 49. Qe8+ Kh4 50. d8=Q Qf2 51. Qd1 Kg3 52. Qg4# 1-0

[Event "PRO League Group Stage"]
[Site "chess.com INT"]
[Date "2020.02.03"]
[Round "5"]
[White "Tang, Andrew"]
[Black "Tan, Justin2"]
[Result "0-1"]
[WhiteTitle "GM"]
[BlackTitle "GM"]
[WhiteElo "2521"]
[BlackElo "2511"]
[WhiteTeam "Chicago Wind"]
[BlackTeam "U.K. Lions"]
[WhiteFideId "2059630"]
[BlackFideId "3206882"]
[EventDate "2020.01.06"]

1. d4 d5 2. Nf3 Nf6 3. Bf4 e6 4. e3 c5 5. Nbd2 Bd6 6. c3 O-O 7. Bd3 Bxf4 8. exf4
Qc7 9. g3 b6 10. Qe2 a5 11. Qe5 Qa7 12. O-O Ba6 13. Bxa6 Qxa6 14. Rfe1 Nc6 15.
Qd6 Rac8 16. f5 e5 17. Nxe5 Rfd8 18. Qxc6 Rxc6 19. Nxc6 Re8 20. Ne5 a4 21. Nf1
a3 22. b3 Ne4 23. Rac1 f6 24. Nf3 cxd4 25. Nxd4 Qc8 26. Rc2 Nd6 27. Ne3 Qd7 28.
Rd1 h5 29. Re2 Ne4 30. Rc2 h4 31. Ne6 h3 32. Nxd5 Qc6 33. c4 Nc5 34. Nef4 Qc8
35. g4 Re4 36. f3 Re5 37. Nxh3 Qe8 38. Kf2 Re1 39. Rdd2 Rh1 40. Kg2 Qe1 41. Re2
Qf1+ 42. Kg3 Nd3 43. Nhf4 Rg1+ 44. Ng2 Ne1 0-1

[Event "PRO League Group Stage"]
[Site "chess.com INT"]
[Date "2020.02.03"]
[Round "5"]
[White "Do Valle Cardoso, Lucas"]
[Black "Abdusattorov, Nodirbek"]
[Result "0-1"]
[BlackTitle "GM"]
[WhiteElo "2228"]
[BlackElo "2635"]
[WhiteTeam "Brazil Capybaras"]
[BlackTeam "California Unicorns"]
[WhiteFideId "2163144"]
[BlackFideId "14204118"]
[EventDate "2020.01.06"]

1. e4 c5 2. Nf3 d6 3. d4 cxd4 4. Nxd4 Nf6 5. Nc3 a6 6. Be3 e5 7. Nb3 Be6 8. f3
h5 9. Qd2 Nbd7 10. Nd5 Bxd5 11. exd5 g6 12. O-O-O Nb6 13. Qa5 Bh6 14. Bxh6 Rxh6
15. Kb1 Kf8 16. c4 Nbd7 17. Qd2 Kg7 18. Bd3 a5 19. Qe3 a4 20. Nd2 Nc5 21. Ne4
Nfxe4 22. fxe4 Rh8 23. Rhf1 Qe7 24. Rf3 Raf8 25. Rdf1 f6 26. Bc2 h4 27. Qf2 Rh5
28. Rh3 f5 29. exf5 gxf5 30. g3 e4 31. Qf4 Qe5 32. Rxh4 Qxf4 33. Rfxf4 Rxh4 34.
Rxh4 b5 35. cxb5 Rb8 36. Rf4 Kg6 37. g4 Kg5 38. Rxf5+ Kxg4 39. Rf6 e3 40. Bd1+
Kg5 41. Rxd6 Rxb5 42. Be2 Rb8 43. Rc6 Ne4 44. Kc2 Kf4 45. Rc4 Ke5 46. Rxa4 Rc8+
47. Kd1 Nf2+ 48. Ke1 Rc1+ 49. Bd1 Nxd1 50. Ke2 Nxb2 51. Ra3 Rc2+ 52. Kf3 Rf2+
53. Kxe3 Nd1+ 54. Kd3 Rf3+ 55. Kd2 Rxa3 0-1

[Event "PRO League Group Stage"]
[Site "chess.com INT"]
[Date "2020.02.03"]
[Round "5"]
[White "Mekhitarian, Krikor Sevag"]
[Black "Naroditsky, Daniel"]
[Result "1/2-1/2"]
[WhiteTitle "GM"]
[BlackTitle "GM"]
[WhiteElo "2563"]
[BlackElo "2621"]
[WhiteTeam "Brazil Capybaras"]
[BlackTeam "California Unicorns"]
[WhiteFideId "2107660"]
[BlackFideId "2026961"]
[EventDate "2020.01.06"]

1. Nf3 d5 2. c4 d4 3. b4 Bg4 4. Qb3 Bxf3 5. Qxf3 e5 6. a3 Nf6 7. Qxb7 Nbd7 8. g3
a5 9. Bg2 Rb8 10. Qc6 axb4 11. axb4 Bxb4 12. O-O O-O 13. d3 Rb6 14. Qa4 Qe7 15.
Qc2 Rfb8 16. Nd2 Nc5 17. Rb1 h6 18. Nb3 Nfd7 19. Nxc5 Nxc5 20. e3 Ne6 21. Bd5
Bc5 22. Rxb6 Rxb6 23. Bd2 dxe3 24. fxe3 Rd6 25. Bc1 c6 26. Bg2 Qa7 27. Qe2 Qd7
28. Rd1 Bb6 29. Bb2 Nc5 30. Bxe5 Rxd3 31. Rxd3 Nxd3 32. Bd4 Nc1 33. Qd1 Bxd4 34.
exd4 Qxd4+ 35. Qxd4 Ne2+ 36. Kf2 Nxd4 37. c5 Kf8 38. Ke3 Ne6 39. Bxc6 Nxc5 40.
h4 Ke7 41. Bd5 Ne6 42. Kf3 Kf6 43. Bc4 Ke5 44. Ba2 Nd4+ 45. Ke3 f5 46. Bb1 Nb5
47. Bd3 Nd6 48. Kf3 Ne4 49. Bc2 Nf6 50. Bd3 Nd7 51. Bc2 Nc5 52. Bb1 Ne6 53. Bd3
Nd4+ 54. Ke3 g5 55. hxg5 hxg5 56. Ba6 Ne6 57. Bc8 Nc5 58. Kf3 Ne4 59. Bd7 Nf6
60. Ba4 g4+ 61. Kg2 Nd5 62. Kf2 Nc3 63. Bd7 Kf6 64. Kg2 Nd5 65. Bc8 Nb6 66. Ba6
Ke5 67. Bd3 Na4 68. Bc2 Nc5 69. Bb1 Nb3 70. Bc2 Nd4 71. Bd3 Nf3 72. Bb1 Kf6 73.
Kf2 Nd2 74. Bd3 Ne4+ 75. Kg2 Ke5 76. Ba6 Kd4 77. Bc8 Nd6 78. Be6 Ke4 79. Bd7 Nc4
80. Be6 Nd6 81. Bd7 Ke3 82. Be6 Ke2 83. Bd7 Ke1 84. Be6 Kd2 85. Bd7 Ke2 86. Be6
Ke1 87. Bd7 Nc4 88. Kg1 Ne3 89. Bb5 Kd2 90. Kf2 Nd1+ 91. Kg2 Ke1 92. Ba6 Ne3+
93. Kg1 Nc2 94. Bc8 Nd4 95. Kg2 Ke2 96. Bd7 Nc2 97. Bb5+ Ke1 98. Ba6 Nb4 99. Bc8
Nd5 100. Ba6 Kd2 101. Bb7 Ne3+ 102. Kf2 Nd1+ 103. Kg2 Ke3 104. Bc8 Kd4 105. Ba6
Nc3 106. Bc8 Ke4 107. Bb7+ Kd3 108. Bc8 Ke4 109. Bb7+ Nd5 110. Kf2 Ke5 1/2-1/2

[Event "PRO League Group Stage"]
[Site "chess.com INT"]
[Date "2020.02.03"]
[Round "5"]
[White "Smirnov, Anton"]
[Black "Santiago, Yago De Moura"]
[Result "1-0"]
[WhiteTitle "GM"]
[BlackTitle "GM"]
[WhiteElo "2604"]
[BlackElo "2486"]
[WhiteTeam "California Unicorns"]
[BlackTeam "Brazil Capybaras"]
[WhiteFideId "3208923"]
[BlackFideId "2103877"]
[EventDate "2020.01.06"]

1. d4 e6 2. Nf3 f5 3. g3 Nf6 4. Bg2 d5 5. c4 c6 6. Nc3 Bd6 7. O-O Qe7 8. Ne5 O-O
9. f4 Ne4 10. Nxe4 fxe4 11. c5 Bc7 12. b4 a5 13. Bd2 b6 14. a3 Ba6 15. Re1 Bxe5
16. fxe5 bxc5 17. bxc5 Nd7 18. e3 Rab8 19. Bc3 Qf7 20. Qd2 a4 21. Bb4 Qh5 22.
Qd1 Qxd1 23. Raxd1 Kf7 24. Bh3 Ke7 25. Bg4 Bc4 26. Rd2 Rb7 27. Bd1 Bb5 28. Rf2
Rxf2 29. Kxf2 Nb8 30. h4 Na6 31. Bc3 Rb8 32. g4 Ra8 33. Ba5 Kd7 34. Bc3 Nc7 35.
g5 Bc4 36. Kg3 Nb5 37. Bb4 Ke7 38. Bg4 Rf8 39. Ra1 Ra8 40. Rg1 Rb8 41. Rg2 Rf8
42. Rf2 Rxf2 43. Kxf2 Bb3 44. Ke2 g6 45. h5 Bc4+ 46. Kd2 Bb3 47. Kc1 Kd7 48. Kb2
Ke7 49. h6 Kd7 50. Bh5 gxh5 51. g6 hxg6 52. h7 Bd1 53. h8=Q Bg4 54. Qg7+ Kc8 55.
Qxg6 Bf5 56. Qxh5 Nc7 57. Ba5 1-0